000 00608nam a2200241 a 4500
001 0001-1149
003 ELIB.Books
008 150505 2010 eng
020 _a9781400202508
035 _a(ELIB.Books)0001-1304
092 _a223
_bSwi
100 _aSwindoll, Charles R.
245 _aA Man of Heroic Endurance: Job
260 _aNashville
_bThomas Nelson
_c2004
300 _a371
_c21 Cm
500 _aC/o Moe Lwei
650 _aOld Testament
856 _nKBTS: Library
_uKBTS: Elib
942 _2ddc
_cBK
990 _a1
998 _cbat
_e2015-05-05
999 _c11149
_d11149